000 00736nam a2200193Ia 4500
003 GCL
008 140319s9999 xx 000 0 ara d
040 _aGCL /
_cGCL
082 0 4 _a949.502
_bو ب
100 1 _aوسام عبدالعزيز فرج
245 1 0 _aبيزنطه :
_bقراءة فى التاريخ السياسى والادارى /
_cوسام عبدالعزيز فرج
250 _aالاولى
260 _aالقاهرة :
_bعين للدراسات والبحوث الانسانية والاجتماعية ،
_c2004
300 _a251 ص ؛
_c24 سم
650 0 4 _aالحضارة الاغريقية
650 0 4 _aالامبراطورية البيزنطية
650 0 4 _aاليونان - تاريخ
942 _2ddc
_cBK
999 _c6263
_d6263